header

Aid for trade in Asia and the Pacific : (Record no. 55975)

MARC details
000 -LEADER
fixed length control field 01903nam a2200409 i 4500
001 - CONTROL NUMBER
control field ebr10900941
003 - CONTROL NUMBER IDENTIFIER
control field CaPaEBR
006 - FIXED-LENGTH DATA ELEMENTS--ADDITIONAL MATERIAL CHARACTERISTICS--GENERAL INFORMATION
fixed length control field m o d
007 - PHYSICAL DESCRIPTION FIXED FIELD--GENERAL INFORMATION
fixed length control field cr cn|||||||||
008 - FIXED-LENGTH DATA ELEMENTS--GENERAL INFORMATION
fixed length control field 140818t20132013ph a ob 000 0 eng d
020 ## - INTERNATIONAL STANDARD BOOK NUMBER
Cancelled/invalid ISBN 9789292542504
International Standard Book Number 9789292542511 (e-book)
040 ## - CATALOGING SOURCE
Original cataloging agency CaPaEBR
Language of cataloging eng
Description conventions rda
-- pn
Transcribing agency CaPaEBR
035 ## - SYSTEM CONTROL NUMBER
System control number (OCoLC)889264654
043 ## - GEOGRAPHIC AREA CODE
Geographic area code a------
-- p------
050 14 - LIBRARY OF CONGRESS CALL NUMBER
Classification number HF1379
Item number .A33 2013eb
082 04 - DEWEY DECIMAL CLASSIFICATION NUMBER
Classification number 382
Edition number 23
245 00 - TITLE STATEMENT
Title Aid for trade in Asia and the Pacific :
Remainder of title driving private sector participation in global value chains /
Statement of responsibility, etc Asian Development Bank ; World Trade Organization.
264 #1 - PRODUCTION, PUBLICATION, DISTRIBUTION, MANUFACTURE, AND COPYRIGHT NOTICE
Place of production, publication, distribution, manufacture Mandaluyong City, Metro Manila, Philippines :
Name of producer, publisher, distributor, manufacturer Asian Development Bank,
Date of production, publication, distribution, manufacture, or copyright notice 2013.
Date of production, publication, distribution, manufacture, or copyright notice �2013
300 ## - PHYSICAL DESCRIPTION
Extent 1 online resource (57 pages) :
Other physical details illustrations, tables
336 ## - CONTENT TYPE
Content type term text
Source rdacontent
337 ## - MEDIA TYPE
Media type term computer
Source rdamedia
338 ## - CARRIER TYPE
Carrier type term online resource
Source rdacarrier
504 ## - BIBLIOGRAPHY, ETC. NOTE
Bibliography, etc Includes bibliographical references.
588 ## - SOURCE OF DESCRIPTION NOTE
Source of description note Description based on online resource; title from PDF title page (ebrary, viewed August 14, 2014).
590 ## - LOCAL NOTE (RLIN)
Local note Electronic reproduction. Palo Alto, Calif. : ebrary, 2014. Available via World Wide Web. Access may be limited to ebrary affiliated libraries.
650 #0 - SUBJECT ADDED ENTRY--TOPICAL TERM
Topical term or geographic name as entry element International trade.
Topical term or geographic name as entry element Economic development
Geographic subdivision Asia.
Topical term or geographic name as entry element Economic development
Geographic subdivision Pacific Area.
655 #0 - INDEX TERM--GENRE/FORM
Genre/form data or focus term Electronic books.
710 2# - ADDED ENTRY--CORPORATE NAME
Corporate name or jurisdiction name as entry element World Trade Organization.
Corporate name or jurisdiction name as entry element Asian Development Bank.
776 08 - ADDITIONAL PHYSICAL FORM ENTRY
Display text Print version:
Title Aid for trade in Asia and the Pacific : driving private sector participation in global value chains.
Place, publisher, and date of publication Mandaluyong City, Metro Manila, Philippines : Asian Development Bank, c2013
Physical description vii, 48 pages
International Standard Book Number 9789292542504
797 2# - LOCAL ADDED ENTRY--CORPORATE NAME (RLIN)
Corporate name or jurisdiction name as entry element ebrary.
856 40 - ELECTRONIC LOCATION AND ACCESS
Uniform Resource Identifier <a href="http://site.ebrary.com/lib/rucke/Doc?id=10900941">http://site.ebrary.com/lib/rucke/Doc?id=10900941</a>
Public note An electronic book accessible through the World Wide Web; click to view

No items available.

© 2026 Rongo University
Contact us: librarian | system librarian | Rongo university